Đối thoại với các nền văn hóa : Syria

保存先:
書誌詳細
フォーマット: 図書
言語:Undetermined
出版事項: Thành phố Hồ Chí Minh Trẻ 2007
主題:
タグ: タグ追加
タグなし, このレコードへの初めてのタグを付けませんか!
Thư viện lưu trữ: Trung tâm Học liệu Trường Đại học Cần Thơ
LEADER 00569nam a2200193Ia 4500
001 CTU_128425
008 210402s9999 xx 000 0 und d
020 |c 23000 
082 |a 956.9 
082 |b Đ452 
245 0 |a Đối thoại với các nền văn hóa : Syria 
245 0 |c Trịnh Huy Hóa biên dịch 
260 |a Thành phố Hồ Chí Minh 
260 |b Trẻ 
260 |c 2007 
650 |a Syria,Syria 
650 |x Social life and customs,Civilization 
904 |i Minh 
980 |a Trung tâm Học liệu Trường Đại học Cần Thơ